000 01911cam a22004934i 4500
003 PE-LiUPU
005 20250731173330.0
008 150625s2007 sp rb 000 0 spa d
020 _a9788481697308
035 _a(Sirsi) i9788481697308
040 _aPE-LiUPU
_bspa
_cPE-LiUPU
_erda
049 _aPRUA
082 0 4 _a226.6
_bD92
_221
100 1 _aDormeyer, Detlev,
_eautor.
245 1 0 _aComentario a los hechos de los apóstoles :
_bmodelo de nueva evangelización /
_cDetlev Dormeyer y Florencio Galindo.
264 1 _aEstella, Navarra :
_bVerbo Divino,
_c2007.
300 _a655 páginas ;
_c22 centímetros.
336 _atext
_2rdacontent
337 _aunmediated
_2rdamedia
338 _avolume
_2rdacarrier
490 0 _aEvangelio y Cultura ;
_v4
504 _aIncluye bibliografía.
505 0 _aPrólogo y la comunidad de Jerusalén: El restablecimiento de Israel -- La divulgación del Evangelio a los pueblos -- Las misiones independientes de Pablo -- Detención y prisión de Pablo y Epílogo.
526 _aSEG42
526 _aSEG41
526 _aSEG40
526 _aSEG39
526 _aP94
526 _aP87
526 _aP86
526 _aP85
526 _aP77
526 _aP76
526 _aP35
541 _g006-0035866;
630 _aBiblia.
_pN.T.
_pHechos
_xComentarios.
700 1 _aGalindo, Florencio,
_eautor.
910 _bjv
_clch
_d20090114
942 _2ddc
_cBOOK
949 _a226.6 D92
_wDEWEY
_c1
_i59156
_lCCODEBUL1
_mBUL
_p35.00
_r0
_sY
_tBOOK
_u2015-6-25
_xBIBLIOTECA
_PP35
_0COMPRA
_o.STAFF. Colección General
994 _aC0
_bPEPRU
596 _a1
999 _a226.6 D92
_wDEWEY
_c47969
_i59156
_d47969
_e2017-11-29
_f2021-11-9
_g5
_lCCODEBUL1
_mBUL
_n4
_p35.00
_q4
_r0
_sY
_tBOOK
_u2015-6-25
_xTEOLOGIA
_PP35
_0COMPRA
_o.STAFF. Colección Teología
980 _81
_gALBERTO SANCHEZ Responsable de Automatización